| 000 | 01496nam a22003137a 4500 | ||
|---|---|---|---|
| 003 | OSt | ||
| 005 | 20250820142322.0 | ||
| 008 | 210915b2011 ck a|||jr|||| 00| 0dspa d | ||
| 020 | _a9789589993583 | ||
| 040 |
_aCO-JMCR _cCO-JMCR |
||
| 041 | 0 | _aspa | |
| 082 | 0 | 4 |
_aJ-C _bHEAa _223 |
| 100 | 1 |
_aHearn, Lafcadio, _eautor _940480 |
|
| 245 | 1 | 0 |
_aAlgunos espectros orientales / _cLafcadio Hearn ; selección, traducción e introducción de Julio Paredes |
| 250 | _aPrimera edición | ||
| 260 |
_aBogotá : _bAlcaldía Mayor de Bogotá : Secretaría Distrital de Cultura, Recreación y Deporte : Instituto Distrital de las Artes-Idartes, _c2011 |
||
| 300 |
_a86 páginas : _bilustraciones a blanco y negro ; _c17 cm. |
||
| 490 | 0 |
_aLibro al viento ; _v81 |
|
| 500 | _aIncluye notas a pie de página y datos biográficos del autor. | ||
| 505 | 0 | _aEl secreto de la muerta -- Oshidori -- Jikininki -- Ubazakura -- Diplomacia -- El sueño de Akinosuké -- La doncella del espejo -- La historia de Kogi el sacerdote -- El espíritu de la gran campana -- La historia de Ming-y -- Aullido -- Furisodé -- Una historia de adivinación | |
| 650 | 1 | 4 |
_aCuentos japoneses _ySiglo xix _940481 |
| 650 | 2 | 4 |
_aLiteratura japonesa _ySiglo xix _940482 |
| 650 | 2 | 4 |
_aMuerte en la literatura _9954 |
| 650 | 2 | 4 |
_aSecretos en la literatura _940483 |
| 650 | 2 | 4 |
_aAdivinación en la literatura _940484 |
| 650 | 2 | 4 |
_aSueños en la literatura _91789 |
| 700 | 1 |
_aParedes, Julio, _etraductor _9864 |
|
| 942 |
_2ddc _cBK |
||
| 999 |
_c15605 _d15605 |
||